| 000 | 00548nam a22001457a 4500 | ||
|---|---|---|---|
| 008 | 230313b |||||||| |||| 00| 0 eng d | ||
| 040 |
_aNational Science Library _cNational Science Library |
||
| 080 |
_aD 025.315 _bK71 |
||
| 245 |
_aAnglo-American cataloging rules: _bPrepared by The ALA, The LC, The Library Association and The Canadian Library Association _c/ The Library Association |
||
| 260 |
_8London: _aThe Library Association, _b1967 |
||
| 300 | _axxiv, 327p. | ||
| 650 | _aLibrary science | ||
| 653 | _aCataloging rules | ||
| 942 |
_2udc _cBK |
||
| 999 |
_c8222 _d8222 |
||